All active Separatist Movements - Statistics

General Stats
  • This quiz has been taken 35 times
    33 since last reset
  • The average score is 42 of 45
Answer Stats
Area Current Country % Correct
Sicily Italy
100%
Sardinia Italy
100%
Chechnya Russia
100%
Adygea Russia
100%
Altai Russia
100%
Bashkortostan Russia
100%
Buryatia Russia
100%
Chuvashia Russia
100%
Dagestan Russia
100%
Ingushetia Russia
100%
Karachay-Cherkessia Russia
100%
Kalmykia Russia
100%
Kabardino-Balkaria Russia
100%
Crimea Ukraine / Russia
100%
Torres Strait Islands Australia
97%
Tasmania Australia
97%
Flanders Belgium
97%
Quebec Canada
97%
Cascadia Canada / United States
97%
Tibet China
97%
Greenland Denmark
97%
Faroe Islands Denmark
97%
Corsica France
97%
Brittany France
97%
Catalonia Spain
97%
Galicia Spain
97%
Aragon Spain
97%
Andalusia Spain
97%
Basque Country Spain / France
97%
Kurdistan Turkey / Iran / Iraq / Syria
97%
Scotland United Kingdom
97%
Puerto Rico United States
97%
Alaska United States
97%
Hawaii United States
97%
Florida United States
97%
Western Sahara Morocco
93%
Tamil Nadu India
90%
Transnistria Moldova
86%
Darfur Sudan
86%
Bougainville Papua New Guinea
83%
Upper Silesia Poland
79%
Nagorno-Karabakh Azerbaijan
76%
Chiapas Mexico
76%
Aceh Indonesia
69%
Azawad Mali
62%
No matching quizzes found
Score Distribution
Percent of People with Each Score
Percentile by Number Answered
Your Score History
You have not taken this quiz since the last reset